9/26 Countries that start with I - Statistics

General Stats
  • This quiz has been taken 832 times
    823 since last reset
  • The average score is 7 of 8
Answer Stats
Answer % Correct
India
91%
Indonesia
91%
Ireland
88%
Iceland
87%
Iran
87%
Iraq
87%
Italy
82%
Israel
76%
No matching quizzes found
Score Distribution
Percent of People with Each Score
Percentile by Number Answered
Your Score History
You have not taken this quiz since the last reset